| 000 | 01046cad a22002535a 4500 | ||
|---|---|---|---|
| 001 | L158222 | ||
| 002 | 19822 | ||
| 008 | 130206s2014 xxk f 000 0 eng d | ||
| 020 | _a9781783210374 | ||
| 035 | _a(Sirsi) u158222 | ||
| 041 | 0 | _aeng | |
| 110 | 2 |
_aRoyal Institution of Chartered Surveyors _94900 |
|
| 245 |
_aNeighbourhood planning: _binvolving businesses and landowners _h[electronic resource] |
||
| 260 |
_aLondon _bRICS _c2014 |
||
| 300 | _a13p | ||
| 490 | 0 | _aRICS Information Paper | |
| 520 | _aGives background information on the introduction of permissive rights for communities and businesses to prepare Neighbourhood Plans and Neighbourhood Development Orders. | ||
| 590 | _aKA | ||
| 650 | 2 | 4 | _aCOMMUNITY INFRASTRUCTURE LEVY |
| 651 | 4 |
_aUnited Kingdom _y |
|
| 690 |
_aPlanning and development _96259 |
||
| 856 | 4 | 0 |
_uhttps://www.rics.org/Global/Neighbourhood_planning_-_involving_businesses_and_landowners_1st_edition_PGguidance_2014.pdf _zView the guidance free of charge (member-only content) at www.rics.org |
| 942 | _n0 | ||
| 999 |
_c115207 _d115207 |
||